000 05533cam a22019574i 4500
001 u51257
003 PE-LiUPU
005 20260218152527.0
008 150706s2011 mx a rb 000 0 spa d
020 _a6071505607
020 _a9786071505606
035 _a(Sirsi) i9786071505606
040 _aPE-LiUPU
_bspa
_cPE-LiUPU
_erda
049 _aPRUA
082 0 4 _a658.301
_bCH442011
_221
100 1 _aChiavenato, Idalberto,
_eautor.
245 1 0 _aAdministración de recursos humanos :
_bel capital humano de las organizaciones /
_cIdalberto Chiavenato.
250 _aNovena edición.
264 1 _aMéxico :
_bMcGraw-Hill Interamericana,
_c2011.
300 _a421 páginas :
_bilustraciones ;
_c27 centímetros.
336 _atext
_2rdacontent
337 _aunmediated
_2rdamedia
338 _avolume
_2rdacarrier
490 0 _aEducación / McGraw-Hill
504 _aIncluye bibliografía.
505 0 _aInteracción entre personas y organizaciones -- El sistema de administración de recursos humanos -- Subsistema de provisión de recursos humanos -- Subsistema de organización de recursos humanos -- Subsistema de mantenimiento de recursos humanos -- Subsistema de desarrollo de recursos humanos -- Subsistema de auditoría de recursos humanos.
526 _aP203
526 _aP200
526 _aSEG65
526 _aSEG64
526 _aSEG63
526 _aSEG62
526 _aSEG61
526 _aSEG60
526 _aSEG59
526 _aSEG58
526 _aSEG57
526 _aSEG56
526 _aSEG55
526 _aSEG54
526 _aSEG53
526 _aSEG52
526 _aSEG51
526 _aSEG50
526 _aSEG49
526 _aSEG48
526 _aSEG47
526 _aSEG46
526 _aSEG24
526 _aSEG23
526 _aSEG22
526 _aSEG21
526 _aSEG20
526 _aSEG19
526 _aSEG18
526 _aSEG17
526 _aSEG16
526 _aSEG14
526 _aSEG13
526 _aSEG12
526 _aSEG11
526 _aSEG10
526 _aSEG09
526 _aSEG06
526 _aSEG05
526 _aSEG04
526 _aSEG03
526 _aSEG02
526 _aSEG68
526 _aSEG66
526 _aSEG45
526 _aSEG25
526 _aSEG01
526 _aP163
526 _aP162
526 _aP161
526 _aP160
526 _aP159
526 _aP158
526 _aP157
526 _aP156
526 _aP155
526 _aP154
526 _aP153
526 _aP152
526 _aP151
526 _aP150
526 _aP149
526 _aP142
526 _aP141
526 _aP140
526 _aP139
526 _aP138
526 _aP137
526 _aP132
526 _aP131
526 _aP130
526 _aP126
526 _aP125
526 _aP124
526 _aP123
526 _aP115
526 _aP122
526 _aP121
526 _aP116
526 _a P114
526 _aP112
526 _aP111
526 _aP104
526 _aP103
526 _aP102
526 _aP101
526 _aP100
526 _aP96
526 _aP95
526 _aP93
526 _aP92
526 _aP91
526 _aP88
526 _aP83
526 _aP82
526 _aP79
526 _aP78
526 _aP75
526 _aP74
526 _aP71
526 _aP69
526 _a P51
526 _aP49
526 _aP48
526 _aP47
526 _aP33
526 _aP31
526 _a P30
526 _aP29
526 _aP27
526 _aP26
526 _aP25
526 _aP24
526 _a P22
526 _aP10
526 _aP09
526 _a P08
526 _aP06
526 _aP05
526 _aP04
526 _aP01
541 _g043-0014559;
541 _g045-0003852;
596 _a1 2
650 1 0 _aGestión de recursos humanos
_9493
650 2 7 _aRecursos humanos.
_2embne
_94110
700 1 _aHano Roa, María del Carmen,
_etraductor.
700 1 _aMascaró Sacristán, Pilar,
_etraductor.
700 1 _aObón, Pilar,
_etraductor.
910 _agl
_clch
_d20120723
910 _adbm
_bncf
_cncf
_d20190509
942 _2ddc
_cBOOK
994 _aC0
_bPEPRU
949 _a658.301 CH44 2011
_wDEWEY
_c1
_i65122
_d2018-5-30
_e2018-5-30
_f2018-2-12
_g3
_kCHECKEDOUT
_lCCODEBUL1
_mBUL
_n27
_p30.00
_q1
_rM
_sY
_tBOOK
_u2015-7-6
_xFCE
_PP04
_0COMPRA
_o.STAFF. Colección Ciencias Empresariales
949 _a658.301 CH44 2011
_wDEWEY
_c1
_iFT02874
_lCCODEBUT1
_mBUT
_p31.56
_r0
_sY
_tBOOK
_u2015-9-18
_xFCE
_PP04
_0COMPRA
_o.STAFF. Colección General
949 _a658.301 CH44 2011
_wDEWEY
_c2
_iFT02875
_d2017-10-18
_e2017-10-18
_lCCODEBUT1
_mBUT
_n1
_p31.56
_r0
_sY
_tBOOK
_u2015-9-18
_xFCE
_PP04
_0COMPRA
_o.STAFF. Colección General
999 _a658.301 CH44 2011
_wDEWEY
_c53770
_i65122
_d53770
_e2019-9-24
_f2021-11-8
_g6
_lCCODEBUL1
_mBUL
_n31
_p30.00
_q7
_r0
_sY
_tBOOK
_u2015-7-6
_xFCE
_PP04
_0COMPRA
_o.STAFF. Colección Ciencias Empresariales
999 _a658.301 CH44 2011
_wDEWEY
_c1
_iFT02874
_d2019-5-8
_e2019-5-7
_f2019-2-20
_g3
_lCCODEBUT1
_mBUT
_n1
_p31.56
_r0
_sY
_tBOOK
_u2015-9-18
_xFCE
_PP04
_0COMPRA
_o.STAFF. Colección General
999 _a658.301 CH44 2011
_wDEWEY
_c2
_iFT02875
_d2019-11-11
_e2019-11-4
_f2019-2-20
_g3
_lCCODEBUT1
_mBUT
_n4
_p31.56
_r0
_sY
_tBOOK
_u2015-9-18
_xFCE
_PP04
_0COMPRA
_o.STAFF. Colección General
980 _818226
_gJaime Vilcazán Jefe de Análisis Documental